000 00768nam a2200229 i 4500
003 IT-RoINE
005 20190109090752.0
008 960722s1981 sp r 10 spa d
020 _a847299080X
040 _aSpMaBN
_cCDM
_dIT-RoINE
245 0 0 _aQuaere Paulum :
_bmiscelanea homenaje a Monseñor Doctor Lorenzo Turrado.
260 _aSalamanca :
_bUniversidad Pontifica,
_c1981.
300 _a318 p. ;
_c24 cm.
336 _2rdacontent
_atext
337 _2rdamedia
_aunmediated
338 _2rdacarrier
_avolume
490 1 _aBibliotheca Salmanticensis.
_aEstudios ;
_v39
630 4 _9677
_aBiblia
_xCrítica, interpretación, etc.
700 1 _94386
_aTurrado, Lorenzo,
_d1910-2003
830 0 _93087
_aBibliotheca Salmanticensis.
_pEstudios ;
_v39
942 _cMTS
999 _c12370
_d12370